000 00671nam a2200217Ia 4500
001 17090
003 GE_BSU
008 181216s||||||||xx |||||||||||||| ||und||
040 _cGE_BSU
080 _a821.353.1 + 821.353.1-1
100 _aაბაშიძე, ირაკლი (1909-1992)
245 _aთხზულებანი ტ. 1 : ლექსები.
245 _bლექსები
245 _cრედ.ც.ქაროსანიძე
260 _aთბილისი
260 _bმერანი
260 _c1975
300 _a397 გვ. : 1 ფ. პორტრ. 21 სმ
653 _aლექსები
942 _cBK
999 _c50152
_d50152